Handbook of research design & social measurement

Bibliographic Details
Main Author: Miller, Salkind
Format: Book
Published: Thousand Oaks : Sage publications , 2002
Edition:6th ed
Subjects:

MARC

LEADER 00000cam a2200000 7i4500
001 0000013537
005 20050422.0
020 |a 0761920463 
040 |a INS 
090 0 0 |a H62   |b M44 2002 
100 1 |a Miller, Salkind 
245 1 0 |a Handbook of research design & social measurement   |c Salkind Miller 
250 |a 6th ed 
260 |a Thousand Oaks :   |b Sage publications ,   |c 2002 
300 |a xix :   |b 786p ;   |c 25cm. 
650 0 0 |a Social sciences   |x Research 
650 0 0 |a Sociometry 
999 |a 0000014083   |b BOOK   |c Open Shelf   |e Default branch